000 01144cab a2200289 4500
001 ABS53567
008 090401t1995 xxu||||| |||| 00| 0 eng d
035 _a(Sirsi) u5120
041 _aeng
245 _aRetail special report
260 _c1995
350 _a0
490 _aProperty Week
_v21 September 1995, 34-47(7)
520 _aA series of articles on the future of retailing, prospects for electronic retailing, how the high street will look in the future; and what retail warehouse operators are doing with the surplus space resulting from just-in-time delivery methods. Considers the reactions of tenants to the first five-year rent reviews at Meadowhall and Lakeside. The final article considers the future of zone A as a way of measuring the prime space in shops.
650 _aELECTRONIC RETAILING
650 _aFUTURE
650 _aHIGH STREET
650 _aLAKESIDE
650 _aMEADOWHALL
650 _aRETAIL WAREHOUSES
650 _aRETAILING
650 _aSHOPPING CENTRES
650 _aZONE A MEASUREMENT
690 _aPROPERTY-COMMERCIAL PROPERTY-RETAIL PROPERTY
942 _n0
948 _c04/03/1997
999 _c3069
_d3069